00000000nam##2200000za#4500
0019.535477
003CaOODSP
00520200327080659
007ta
008150406|2001||||xxc|||||     f|0| 0 fre|d
020 |a0-660-61658-0
040 |aCaOODSP|bfre
041 |aeng
041 |afre
043 |an-cn---
0861 |aBT31-4/10-2001
1101 |aCanada. |bConseil du trésor.
24510|aAgence des douanes et du revenu du Canada
260 |aOttawa - Ontario : |bSecrétariat du Conseil du Trésor du Canada |c2001.
300 |aPagination multiple. : |btableaux ; |c28 cm.
4901 |aRapport sur le rendement pour la période se terminant le 31 mars 2001
546 |aBilingue
563 |aCouverture souple
590 |a01-46|b2001-11-16
69107|aPrévisions budgétaires|2gcpds
69107|aInstitution fédérale|2gcpds
69107|aDouanes|2gcpds
69107|aRevenu|2gcpds
7760#|tCanada Customs and Revenue Agency, performance report for the period ending March 31, 2001 |w(CaOODSP)9.569128
7760#|tAgence des douanes et du revenu du Canada, rapport sur le rendement pour la période se terminant le 31 mars 2001 |w(CaOODSP)9.600367
791 |tCanada Customs and Revenue Agency |eeng|w(CaOODSP)9.535476
830#0|aRapport sur le rendement pour la période se terminant le 31 mars 2001.|w(CaOODSP)9.508981